Subdivision capitals closest to Bregenz (AT) - Statistics

General Stats
  • This quiz has been taken 14 times
    9 since last reset
  • The average score is 17 of 20
Answer Stats
Distance (km) Answer % Correct
16 127 Innsbruck
100%
14 120 Luzern
100%
1 29 Sankt Gallen
100%
4 41 Schaan
100%
5 44 Vaduz
100%
12 100 Zug/Zoug
100%
10 92 Zürich
100%
2 32 Appenzell
86%
8 75 Chur
86%
9 86 Schaffhausen/Schaffhouse
86%
11 98 Schwyz
86%
19 148 Stuttgart
86%
17 129 Aarau
71%
13 108 Altdorf
71%
6 64 Frauenfeld
71%
7 73 Glarus/Glaris
71%
3 37 Herisau
71%
18 132 Sarnen
71%
15 121 Stans
71%
20 151 Liestal
57%
No matching quizzes found
Score Distribution
Percent of People with Each Score
Percentile by Number Answered
Your Score History
You have not taken this quiz since the last reset